| 000 | 00723nam a2200229 u 4500 | ||
|---|---|---|---|
| 005 | 20210223131045.0 | ||
| 008 | 090804s2003 es r 000 0 spa d | ||
| 020 | _a8446018128 | ||
| 035 | _aUPN01000171699 | ||
| 049 | _aI | ||
| 050 | 4 |
_aPZ78 _bD6.56 |
|
| 100 | 1 | _aDoucey, Bruno | |
| 245 | 1 | 0 |
_aMoisés / _cBruno Doucey ; il. Flore Denizo ; tr. Jossefina Careaga. |
| 260 |
_aMadrid : _bAkal, _c2003. |
||
| 300 |
_a128 p. : _bil. |
||
| 440 | 0 |
_aPara descubrir a los clásicos ; _v7 |
|
| 500 | _a"Una lectura con juegos para descubrir a los clásicos" | ||
| 534 |
_pTitulo original: _tMoise |
||
| 650 | 4 |
_aLIBROS Y LECTURA PARA LA JUVENTUD _910549 |
|
| 630 | 0 | 4 |
_aBIBLIA - _vLITERATURA JUVENIL _93895 |
| 905 | _aInfantil | ||
| 999 |
_c143804 _d143804 |
||